| 000 | 00334nam a2200133 a 4500 | ||
|---|---|---|---|
| 001 | 3999 | ||
| 003 | CDMR | ||
| 005 | 20130116135250.0 | ||
| 008 | 130130s1990||||||||||||||||||||||||||||d | ||
| 040 |
_aCDMR _bcat _cCDMR |
||
| 245 | 0 |
_aAnuario 1989 _bLuz verde II. Temario 1989 |
|
| 260 |
_aBarcelona _c1990 _bDifusora Internacional |
||
| 942 | _cMON | ||
| 999 |
_c3999 _d3999 |
||